000 00959cam a22003137i 4500
003 PILC
005 20151015103839.0
008 130425s2013 ph 000 0ceng
010 _a2012325836
020 _a9789712724879
040 _aDLC
_beng
_cDLC
_erda
042 _alcode
050 0 0 _aDS 663
_b.M44 2013
100 1 _aMendoza, Ivy Lisa F.
245 1 0 _a60 minutes :
_binterviews with people who inspire /
_cIvy Lisa F. Mendoza [and five others].
246 1 3 _aSixty minutes.
260 _aMandaluyong City :
_bAnvil Publishing, Inc.,
_c2013.
300 _ax, 219 pages ;
_c23 cm.
546 _aIn English.
650 0 _aInterviews
_zPhilippines.
650 0 _aSuccessful people
_zPhilippines.
650 0 _aFilipinos
_xSocial life and customs.
700 1 _aBarawid, Rachel Castro.
700 1 _aGarcia, Angelo G.
700 1 _aLim., Ronald S.
700 1 _aMalipot, Ina H.
700 1 _aMarasigan, Jaser A.
942 _2lcc
_cBK
_kLOC
999 _c288866
_d288866